Satellitenbilder - Inselketten - Statistiken

Allgemein
  • Dieses Quiz wurde 177 mal gespielt
  • Das Durchschnittsergebnis liegt bei 9 aus 16
Antwortstatistiken
Bildquiz Antwort % Korrekt
Japan
97%
Philippinen
78%
Große {Antillen}
71%
Hawaii
70%
Malta
66%
{Kanarische} Inseln
62%
{Falkland}inseln
54%
Fidschi
52%
{Balearische} Inseln
49%
{Färöer} Inseln
47%
Äußere {Hebriden}
46%
Alëuten
45%
Feuerland
42%
Shetland
34%
{Galapagos}inseln
29%
Florida Keys
20%
Keine übereinstimmenden Quizze gefunden
Verteilung der Resultate
Anzahl Personen mit jedem Resultat
Perzentil nach korrekt beantworteten Fragen
Ihre Resultats-Entwicklung
Sie haben dieses Quiz noch nicht gespielt